000 00672nam a2200181Ia 4500
008 151018s9999 xx 000 0 und d
082 _bRBASDV61795
_a39
100 _aविजयदेव झारी
245 _aप्राचीन कथा संदर्भ कोश
250 _b1
260 _bनेशनल कोउंसील प्रकाशन
_c2012
300 _a304
600 _aविजयदेव झारी
630 _aप्राचीन कथा संदर्भ कोश
700 _aविजयदेव झारी
730 _aप्राचीन कथा संदर्भ कोश
942 _cBOOK
999 _c1055044
_d1055041